1728 1085 1529 1124 1463 1579 1973 1914 1981 1345 1485 1534 1681 1919 1042 1694 1607 1031 1978 1420 1812 1091 1272 1777 1816 1251 1239 1909 1651 1757 1434 1464 1230 1176 1653 1649 1595 1249 1746 1120 1146 1862 1156 1305 1598 1502 1512 1073 1462 1951 1847 1579 1339 1309 1853 1646 1802 1384 1279 1766 1751 1910 1233 1005 1233 1810 1555 1521 1215 1980 1260 1066 1134 1020 1139 1290 1054 1154 1182 1984 1115 1495 1180 1564 1846 1464 1168 1167 1980 1716 1976 1010 1205 1318 1323 1804 1094 1108 1313 BCNSPRNW ULIB Ver.6.0+V

เปลี่ยนเป็นภาษาไทย

Change to English
 แสดงรายละเอียดบรรณานุกรม
  กลับหน้าหลัก

Brief Record : Get Marc (ISO 2709) : E-mail record : QR code < ปิดหน้าต่าง
LEADER : 00000nam 2200000uu 4500
001    13399111249
003     ULIB
008    110621s||||||||th 000 0 tha d
020    9749264975
050  4 BF637.S4^bค976อ 2548
100 1  โควี่, สตีเฟน อาร์
245 10 อุปนิสัยที่ 8 :^bจากประสิทธิผลสู่ความยิ่งใหญ่ =^bThe 8th habit : from effectiveness to greatness /^cStephen R.Covey ; เรียบเรียงโดย ดนัย จันทร์เจ้าฉาย ; บรรณาธิการจิรายุทธ ประเจิดหล้า
246 31 The 8th habit :^bfrom effectiveness to greatness
250    พิมพ์ครั้งที่ 2
260    กรุงเทพฯ :^bดีเอ็มจี,^c2548
300    519 หน้า ;ภาพประกอบ ;^c23 ซม. +^eซีดี-รอม 1 แผ่น
591    LISC มีปีพิมพ์ครั้งที่ 5
591    LICL มีปีพิมพ์ครั้งที่ 5
650  0 Self-actualization(Psychology)
650  7 ความพอใจ
650  7 ความสำเร็จ
700 0  ดนัย จันทร์เจ้าฉาย
700 0  จิรายุทธ ประเจิดหล้า
945    ^p440^l0^i017302
945    ^p440^l0^i017303
995    ทศพร
999 ^a ใช้งานได้ทุกระบบ
รายการนี้ยังไม่มีแท็ก
คุณยังไม่ได้ล็อกอิน คุณสามารถมีกิจกรรมร่วมกับเว็บไซต์ได้ แต่ต้องล็อกอินก่อน ::
  ล็อกอิน

รายการสื่อสารสนเทศ

ลำดับที่ ประเภท เลขเรียก/บาร์โค้ด สถานที่ สถานะ
- ไม่พบข้อมูล -

รายการใกล้เคียง
    หัวเรื่อง [ความพอใจ]
    หัวเรื่อง [ความสำเร็จ]

BibComment


ยังไม่เคยถูกคอมเมนท์

คอมเมนท์ทรัพยากรรายการนี้
  คอมเมนท์: อุปนิสัยที่ 8 จา..


 Copyright 2026. Bcnsprnw @Library